Guess The Disney Movie By IMDB Description - Statistics

General Stats
  • This quiz has been taken 128 times
  • The average score is 13 of 15
Answer Stats
Hint Answer % Correct
The magically long-haired girl has spent her entire life in a tower, but now that a runaway thief has stumbled upon her, she is about to discover the world for the first time, and who she really is Tangled
98%
A waitress, desperate to fulfill her dreams as a restaurant owner, is set on a journey to turn a frog prince back into a human being, but she has to face the same problem after she kisses him The Princess & The Frog
97%
A prince cursed to spend his days as a hideous monster sets out to regain his humanity by earning a young woman's love Beauty & The Beast
95%
In order to power the city, monsters have to scare children so that they scream. However, the children are toxic to the monsters, and after a child gets through, two monsters realize things may not be what they think Monsters Inc.
95%
A cowboy doll is profoundly threatened and jealous when a new spaceman action figure supplants him as top toy in a boy's bedroom Toy Story
94%
A misfit ant, looking for "warriors" to save his colony from greedy grasshoppers, recruits a group of bugs that turn out to be an inept circus troupe A Bug's Life
93%
To save her father from death in the army, a young maiden secretly goes in his place and becomes one of China's greatest heroines in the process Mulan
93%
The son of two gods is stripped of his immortality as an infant and must become a true hero in order to reclaim it Hercules
92%
A lion prince and his father are targeted by his bitter uncle, who wants to ascend the throne himself The Lion King
92%
A kind-hearted street urchin and a power-hungry Grand Vizier vie for a magic lamp that has the power to make their deepest wishes come true Aladdin
91%
A mermaid princess makes a Faustian bargain in an attempt to become human and win a prince's love The Little Mermaid
89%
A musical based on the New York City newsboy strike of 1899. When young newspaper sellers are exploited beyond reason by their bosses they set out to enact change and are met by the ruthlessness of big business Newsies
85%
An English soldier and the daughter of an Algonquin chief share a romance when English colonists invade seventeenth century Virginia Pocahontas
84%
A boy is a brilliant inventor who meets mysterious stranger, whisking the boy away in a time machine and together they team up to track down the bad guy in a showdown that ends with an unexpected twist of fate Meet The Robinsons
76%
When a young boy makes a preposterous promise to a girl he has a crush on, his chances to fulfilling it seem hopeless when he is dragged onto a cross-country trip with his embarrassing father A Goofy Movie
71%
No matching quizzes found
Score Distribution
Percent of People with Each Score
Percentile by Number Answered
Your Score History
You have not taken this quiz